Oxford History of Modern India 1740-1975 (Record no. 8070)

MARC details
000 -LEADER
fixed length control field 00599nam a2200241 a 4500
020 ## - INTERNATIONAL STANDARD BOOK NUMBER
ISBN
082 00 - DEWEY DECIMAL CLASSIFICATION NUMBER
Classification number 954.052
Author Cutter SPE
100 ## - MAIN ENTRY--AUTHOR NAME
Author name Spear, Percival
245 ## - TITLE STATEMENT
Title Oxford History of Modern India 1740-1975
260 ## - PUBLICATION, DISTRIBUTION, ETC. (IMPRINT)
Place of publication Londan
Name of publisher Oxford University Press
Year of publication 1988
300 ## - PHYSICAL DESCRIPTION
Number of Pages 472p
500 ## - GENERAL NOTE
General note includes index and biblioraphy
505 2# - FORMATTED CONTENTS NOTE
Formatted contents note Index
650 ## - SUBJECT ADDED ENTRY--TOPICAL TERM
Topical Term India-Historiography
942 ## - ADDED ENTRY ELEMENTS (KOHA)
Koha item type Books
700 1# -
-- Spear, Percival
Holdings
Collection code Home library Current library Date acquired Cost, normal purchase price Full call number Accession Number Koha item type
  Henry Martyn Institute Library Henry Martyn Institute Library 04/05/2007 70.00 954.052 SPE 013253 Books
                   Copyright © 2026 | Henry Martyn Institute | Hyderabad | TS-500052 | INDIA | Implemented by hmi.edu.in
Hit-Count:

Powered by Koha